| 000 | 00592nas a2200217 4500 | ||
|---|---|---|---|
| 001 | BR9804677 | ||
| 003 | BR-BrBNA | ||
| 005 | 20231205101118.0 | ||
| 007 | ta | ||
| 008 | 230509b bl.|||p| |||| 00| 00por d | ||
| 040 |
_aBR-BrBNA _bpor _cBiblioteca Nacional de Agricultura |
||
| 041 | _a(Pt) | ||
| 072 | _aL73 | ||
| 100 | 1 | _aPustiglione Neto, L. | |
| 245 | 1 | _aListeriose mata bovinos | |
| 650 | _aBovino | ||
| 650 | _aListeriose | ||
| 773 | 0 |
_tPecuaria de Corte (Brazil) _x _g(Jan-Feb 1998), v. 8(74) p. 61 _wBR9804677 |
|
| 909 |
_a202311 _bLúcia _c55 _dLúcia Elande |
||
| 942 |
_2AGRIS _n0 _cANA |
||
| 999 |
_c159806 _d159806 |
||